Κοινωνικοί αγώνες και διαφωτισμός : η περίπτωση της Σμύρνης (1819)

Αποθηκεύτηκε σε:
Λεπτομέρειες βιβλιογραφικής εγγραφής
Κύριος συγγραφέας: Ηλιού, Φίλιππος, 1931-2004
Άλλοι συγγραφείς: Πετροπούλου, Ιωάννα (Μεταφραστής)
Μορφή: Βιβλίο
Γλώσσα:Greek
Δημοσίευση: ΑΘήνα : Εταιρεία Μελέτης Νέου Ελληνισμού-Μνήμων , 1986
Έκδοση:2η έκδ., συμπληρωμένη
Σειρά:Θεωρία και μελέτες ιστορίας ; ; 3
Θέματα:
Ετικέτες: Προσθήκη ετικέτας
Δεν υπάρχουν, Καταχωρήστε ετικέτα πρώτοι!

MARC

LEADER 00000nam a2200000 i 4500
001 1/61113
008 950608s1986 gre d
035 |a 1994  |b 3  |c Σκούρτου  |l 10028836 
040 |a GR-MY-UA  |b gre  |e aacr 
041 0 |a gre 
082 0 |a 938.498 
100 1 |a Ηλιού, Φίλιππος,   |d 1931-2004. 
245 1 0 |a Κοινωνικοί αγώνες και διαφωτισμός :  |b η περίπτωση της Σμύρνης (1819) /  |c Φίλιππος Ηλιού ; μετάφραση Ιωάννα Πετροπούλου 
250 |a 2η έκδ., συμπληρωμένη 
260 |a ΑΘήνα :   |b Εταιρεία Μελέτης Νέου Ελληνισμού-Μνήμων ,   |c 1986 
300 |a 54 σ. 
490 1 |a Θεωρία και μελέτες Ιστορίας  |v ; 3 
650 0 0 |a Enlightenment  |z Izmir (Turkey) 
651 0 |a Izmir (Turkey)  |x History  |y 19th century. 
700 1 |a Πετροπούλου, Ιωάννα.  |4 trl 
830 0 |a Θεωρία και μελέτες ιστορίας ;  |v ; 3 
852 |a INST  |b CHIOS  |e 19960321  |h 938.498 ΗΛΙ  |p 005200000674  |q 005200000674  |t BK  |y 0 
852 |a INST  |b LESVOS  |e 19950608  |h 938.498 ΗΛΙ  |p 005100005210  |q 005100005210  |t BK  |y 0 
852 |a INST  |b RHODES  |e 19960821  |h 938.498 ΗΛΙ  |p 005400007585  |q 005400007585  |t BK  |y 0 
909 |a Λ  |b 020745 
909 |a Ρ  |b 038510  |c 1994 
909 |a Χ  |b 005697